Listen in

সংরক্ষণ করুন:
গ্রন্থ-পঞ্জীর বিবরন
প্রধান লেখক: Nunan, David
বিন্যাস: গ্রন্থ
ভাষা:Undetermined
প্রকাশিত: Thành phố Hồ Chí Minh Tổng hợp Thành phố Hồ Chí Minh 2004
বিষয়গুলি:
ট্যাগগুলো: ট্যাগ যুক্ত করুন
কোনো ট্যাগ নেই, প্রথমজন হিসাবে ট্যাগ করুন!
Thư viện lưu trữ: Trung tâm Học liệu Trường Đại học Cần Thơ
LEADER 00562nam a2200205Ia 4500
001 CTU_60436
008 210402s9999 xx 000 0 und d
020 |b 38000 
082 |a 428.34 
082 |b N972/T.2 
100 |a Nunan, David 
245 0 |a Listen in 
245 0 |c David Nunan 
260 |a Thành phố Hồ Chí Minh 
260 |b Tổng hợp Thành phố Hồ Chí Minh 
260 |c 2004 
650 |a English language 
650 |x Listening 
904 |i Minh, Năm 
980 |a Trung tâm Học liệu Trường Đại học Cần Thơ